[Event "FRA-ch"]
[Site "Aix les Bains"]
[Date "2003.08.25"]
[Round "8"]
[White "Bacrot, Etienne"]
[Black "Fontaine, Robert"]
[Result "1/2-1/2"]
[WhiteElo "2645"]
[BlackElo "2541"]
[Annotator "Postny,E"]
[PlyCount "117"]
[EventDate "2003.08.18"]
[EventType "tourn"]
[EventRounds "11"]
[EventCountry "FRA"]
[EventCategory "13"]
[SourceTitle "CBM 097"]
[Source "ChessBase"]
[SourceDate "2003.11.11"]
[SourceVersion "1"]
[SourceVersionDate "2003.11.11"]
[SourceQuality "1"]

1. e4 e5 2. Nf3 Nc6 3. d4 exd4 4. Nxd4 Bb4+ 5. c3 Bc5 {This line was
frequently played by GM A.Miles.} 6. Nxc6 bxc6 7. Bd3 Ne7 (7... Qh4 8. Qe2 Nf6
9. h3 O-O 10. g3 Qh5 11. g4 Qe5 12. g5 Nxe4 13. Bxe4 Re8 14. Bf3 Qxe2+ 15. Bxe2
Ba6 16. c4 Bxc4 17. Nc3 $16 {1-0 Kasparov,G-Leko,P/Tilburg 1997/CBM 61 (31)})
8. Nd2 (8. h4 {- see the annotated game Nataf,I-Miles,A/Mondariz 2000/CBM 79 
[Mikhalevski,V]}) (8. Qh5 {- see the annotated game Sax,G-Miles,A/Szeged 1997/
CBM 62 [Mikhalevski,V]}) (8. O-O O-O 9. Kh1 d6 10. f4 f5 11. Nd2 Bd7 12. Qf3
Qc8 13. Nb3 Bb6 14. Be3 fxe4 15. Bxe4 Bg4 16. Qf2 Nd5 $11 {1/2-1/2 Nataf,
I-Godena,M/FRA 1999/EXT 2000 (45)}) 8... d5 $146 (8... O-O 9. O-O (9. Nb3 Bb6
10. c4 c5 11. O-O d6 12. Re1 Ng6 13. Bf1 Bb7 14. Bd2 f5 15. exf5 Rxf5 16. Re3
Qf6 17. Bc3 Qf7 $132 {1/2-1/2 Vorobiov,E-Yandemirov,V/St Petersburg 2002/EXT
2003 (24)}) 9... d6 10. Kh1 f5 11. f4 fxe4 12. Nxe4 Bb6 13. Ng3 Nf5 14. Qf3
Nxg3+ 15. Qxg3 Bf5 16. Bd2 Qd7 17. Rae1 Rae8 $11 {1/2-1/2 Hauchard,A-Miles,A/
Cappelle la Grande 1998/CBM 63 ext (46)}) 9. O-O O-O 10. Nb3 Bb6 11. c4 $1 {
The threat c4-c5 forces black for the following simplification.} dxe4 12. Bxe4
Qxd1 13. Rxd1 Be6 14. Bd3 {White has small, but stable advantage thanks to
better pawn formation.} Rad8 15. Bf4 (15. Rd2 $6 {[%csl Rb6][%cal Gc4c5]} c5
16. Bf1 Nf5 $132) ({Comes into consideration} 15. Be3 Bxe3 16. fxe3 $14 {
[%cal Yb3a5,Yb3c5]}) 15... Ng6 16. Bg3 {[%csl Rb6][%cal Gc4c5]} f5 $1 {This
move requires accurate calculation.} 17. c5 f4 (17... Bxb3 18. axb3 Bxc5 19.
Bxc7 $14 {[%csl Gc7,Gd3]}) 18. cxb6 fxg3 ({After} 18... cxb6 $2 19. Bxg6 {
white remains with a piece up.}) 19. bxc7 (19. Nc5 gxf2+ 20. Kf1 Bd5 21. bxc7
$6 (21. bxa7 Nh4 (21... Nf4 $2 22. Be4 Bc4+ 23. Kxf2 Nd3+ 24. Ke3 Nxc5 25. Rxd8
Rxd8 26. Bxc6 $18) 22. Be4 Bc4+ 23. Bd3 Bd5 $11) (21. b7 $2 Nf4 22. Be4 Bc4+
23. Kxf2 Nd3+ 24. Ke3 Nxc5 $19) 21... Rc8 22. Bxg6 hxg6 23. Nd3 Bc4 24. Rac1
Bb5 25. Rc2 Rxc7 26. Rxf2 Rd8 27. Rf3 Rcd7 28. Ke2 c5 $15 {[%csl Rd3]}) 19...
gxf2+ 20. Kf1 Rxd3 21. Rxd3 Bc4 22. Nc5 Ne5 23. Ke2 $1 (23. Rad1 Ng4 24. Ke2
Nxh2 $15) (23. Rc1 Ng4 $15) 23... Rc8 24. b3 Nxd3 25. Nxd3 Ba6 $6 ({The
simplest was} 25... Bxd3+ 26. Kxd3 Rxc7 27. Rf1 Rf7 28. Ke3 {and the
forthcoming pawns endgame is drawish.}) 26. Rd1 Rxc7 27. Kxf2 Rd7 $6 ({
Objectively stronger would have been} 27... Bxd3 28. Rxd3 Kf7 {and black has
no real problems to draw this endgame.}) 28. Nb2 {Bacrot is starting to
increase gradually his small advantage.} Re7 29. Rd2 c5 (29... Bb5 $142 {
[%csl Rb2] restricting the white knight.}) 30. Na4 Rc7 31. Nc3 Rf7+ 32. Ke3
Re7+ 33. Kf4 Bb7 34. Rc2 $1 {Black can not hold his c5 pawn for long and can
only hope for active counterplay.} h6 35. Na4 Re4+ 36. Kg3 h5 37. Kf2 (37. Nxc5
$4 {would fall into a trap:} Rg4+ 38. Kh3 Bc8 {[%csl Rh3]} 39. Ne4 Bf5 $19)
37... Rf4+ 38. Kg1 Ba6 39. g3 Rf1+ 40. Kg2 c4 41. bxc4 Rf5 {White has won a
pawn, but it's very hard to convert it into a full point, since black's pieces
are well coordinated and there is not much material left on the board.} 42. Nb2
Bb7+ 43. Kg1 Ra5 44. Nd1 Kf7 45. Rb2 Bc6 46. Kf2 Ra3 47. Ke1 $2 ({Stronger was
} 47. Ne3 {with some winning chances.}) 47... h4 $1 48. gxh4 Rh3 {[%csl Gh3]}
49. Rf2+ Ke6 50. Kd2 Ke5 51. Nb2 Be4 {The activity of black's pieces
compensates small material deficit.} 52. Rf7 a5 $1 {[%csl Yb4][%cal Ya5b4]
[%mdl 256] Covering the b4 square. The white king has now no escape forward.}
53. Re7+ Kd4 54. Rd7+ Ke5 55. Nd1 (55. Rxg7 Rxh2+ 56. Kc3 Rh3+ 57. Kd2 Rh2+ $11
) 55... Rxh2+ 56. Kc3 Rh3+ 57. Kb2 Rh2+ 58. Ka3 Rh3+ 59. Kb2 1/2-1/2

[Event "FRA-ch"]
[Site "Aix les Bains"]
[Date "2003.08.24"]
[Round "7"]
[White "Bauer, Christian"]
[Black "Bacrot, Etienne"]
[Result "0-1"]
[WhiteElo "2589"]
[BlackElo "2645"]
[Annotator "Postny,E"]
[PlyCount "84"]
[EventDate "2003.08.18"]
[EventType "tourn"]
[EventRounds "11"]
[EventCountry "FRA"]
[EventCategory "13"]
[SourceTitle "CBM 097"]
[Source "ChessBase"]
[SourceDate "2003.11.11"]
[SourceVersion "1"]
[SourceVersionDate "2003.11.11"]
[SourceQuality "1"]

1. e4 e5 2. Nf3 Nc6 3. d4 exd4 4. Nxd4 Bc5 5. Nxc6 Qf6 6. Qd2 dxc6 7. Nc3 Bd4
8. Bd3 (8. Bc4 {- see the annotated game Nataf,I-Beliavsky,A/Istanbul 2003/CBM
96 [Postny]}) 8... Ne7 9. O-O Ng6 10. Qe1 {White's latest word in this
variation.} ({The common move is} 10. Kh1 {[%cal Gf2f4]}) 10... Be5 $1 $146 {
[%mdl 8] Strong novelty, which will probably force white to search for new
ideas in this opening variation.} (10... Ne5 11. Be2 g5 (11... h5 12. Kh1 Be6
13. f4 Ng4 14. e5 Qg6 15. Bd3 Bf5 16. Bxf5 Qxf5 17. Qe4 Qd7 18. Nd1 O-O-O 19.
Be3 Nxe3 20. Nxe3 Bxb2 $17 {0-1 Kosintseva,T-Stefanova,A/Krasnoturinsk 2003 
(53)}) 12. Kh1 Ng6 13. Bc4 Be5 (13... Be6 $142) 14. Be3 (14. Ne2 Nf4 15. f3 b5
16. Bd3 a6 17. a4 Bb7 18. Bxf4 gxf4 19. c4 Rd8 20. Rd1 bxa4 21. Qb4 Bc8 22. Bc2
Rd6 23. Bxa4 O-O 24. Rxd6 cxd6 25. Bxc6 $16 {0-1 Rublevsky,S-Makarov,M/
Togliatti 2003 (46)}) 14... Nf4 15. f3 Be6 16. Bxe6 Nxe6 17. Rd1 b6 18. Ne2 Rd8
19. Qb4 $16 {1-0 Rublevsky,S-Marcelin,C/Istanbul 2003/CBM 96 [Postny] (35)})
11. Rb1 {Defending the pawn b2 in order to play Nc3-e2.} ({Comes into
consideration} 11. Bc4) 11... Nf4 12. Ne2 $6 (12. Bxf4 $5 Qxf4 13. g3 $11)
12... Nxd3 13. cxd3 {The d3 pawn is now a weakness.} Qd6 14. Qd2 (14. d4 Bxd4
15. Nxd4 (15. Bf4 Be5 16. Rd1 Qf6 $15) 15... Qxd4 16. Bf4 O-O 17. Bxc7 Re8 18.
e5 Bf5 $15) 14... Bg4 (14... Bxh2+ $2 {would fall into a trap:} 15. Kh1 Bg4 (
15... Qe5 16. g3 Qh5 17. Nf4 Qh6 18. Qe2 Bxg3+ 19. Nh5 Qg6 20. Nxg3 $18) 16. g3
g5 17. f3 (17. Kxh2 $4 Qh6+ 18. Kg2 Qh3+ 19. Kg1 Bf3 $19) 17... Bh3 18. e5 (18.
Qxg5 Bxf1 19. Bf4 Qxd3 20. Qe5+ Kd7 21. Qxc7+ Ke8 22. Qe5+ Kd7 $11) 18... Qc5
19. d4 Qd5 20. Rf2 $16) 15. f3 Be6 16. f4 Bd4+ 17. Kh1 f5 $1 {This moves fixes
black's advantage.} (17... Bxa2 $2 18. Ra1 Bb3 19. Ra3 Be6 20. f5 Bd7 21. Nxd4
Qxd4 22. Qf4 Qd6 23. Qf2 $36) 18. Nxd4 Qxd4 {After this move white's position
could hardly be saved.} 19. b3 $2 ({The only reasonable was:} 19. exf5 Bxf5 20.
Re1+ Kf7 21. Qa5 Qd7 $15) 19... O-O-O 20. Bb2 Qxd3 21. Qxd3 (21. Qf2 Kb8 22.
Bxg7 Rhg8 23. Bf6 Rd7 {and black's following attack on the light squares is
irresistible.}) 21... Rxd3 22. exf5 Bxf5 23. Rbd1 (23. Bxg7 $2 Rg8 24. Be5 Rd2
$19 {[%csl Rb1,Rg2]}) 23... Rhd8 24. Rxd3 Rxd3 25. Kg1 (25. Bxg7 Rd2 $19 {
[%csl Ra2,Rb3,Gd2,Gf5,Rg2]}) 25... g6 {The activity of black's pieces and an
extra pawn does not give white much chances to survive, despite the presense
of the opposite colour bishops.} 26. Re1 Kd7 (26... Rd2 27. Bf6 Rxa2 28. Re7
Ra3 {looks like a quicker way for a win, but Bacrot decided to play safer.})
27. Kf2 c5 28. Ke2 Rd5 29. Rc1 (29. Rd1 $4 Bg4+) 29... a5 30. h3 h5 31. Bg7 ({
The exchange of rooks does not save white either:} 31. Rd1 Rxd1 32. Kxd1 Be4 $1
33. g3 Bf5 34. h4 b5 {and black will get two connected passed pawns on the
queenside sooner or later.}) 31... Kc6 32. Rc3 Bb1 $1 33. a3 Bf5 {Now black is
planning Kb5 followed by a5-a4 somewhere.} 34. Bf8 Kb5 35. Bg7 b6 36. Be5 Rd7
37. Ke3 a4 38. b4 $2 {Losing without a fight.} ({After} 38. bxa4+ Kxa4 39. Ke2
{black still has a work to do to win this endgame.}) 38... cxb4 39. axb4 Kxb4
40. Rxc7 Rxc7 41. Bxc7 b5 {Two connected passed pawns are unstoppable.} 42. Kd2
a3 0-1

[Event "Dubai op"]
[Site "Dubai"]
[Date "2001.04.23"]
[Round "8"]
[White "Motylev, Alexander"]
[Black "Sermek, Drazen"]
[Result "1-0"]
[WhiteElo "2601"]
[BlackElo "2525"]
[Annotator "Postny,E"]
[PlyCount "147"]
[EventDate "2001.04.15"]
[EventType "swiss"]
[EventRounds "9"]
[EventCountry "UAE"]
[SourceTitle "CBM 083"]
[Source "ChessBase"]
[SourceDate "2001.07.05"]
[SourceVersion "1"]
[SourceVersionDate "2001.07.05"]
[SourceQuality "1"]

1. e4 e5 2. Nf3 Nc6 3. d4 exd4 4. Nxd4 Nf6 5. Nxc6 bxc6 6. e5 Qe7 7. Qe2 Nd5 8.
c4 Nb6 9. Nd2 (9. Nc3) (9. b3) 9... Qe6 {opening the diagonal for the
dark-squared bishop.} 10. b3 Bb4 11. Bb2 O-O 12. O-O-O Qe7 (12... d5 13. exd6
Qxd6 14. Nf3 (14. Qe3 $1 $14 {Anand}) 14... Qh6+ 15. Qe3 Qxe3+ 16. fxe3 Re8 17.
e4 Nd7 18. e5 a5 19. Bd3 Nc5 20. Bc2 a4 $11 {1-0 Kasparov,G-Piket,J/Dortmund
1992 (40)}) 13. Ne4 $6 $146 (13. Kb1 Ba3 14. Bc3 Bb4 15. Bb2 Ba3 16. Bc3 Bb4 {
1/2-1/2 Rublevsky,S-Beliavsky,A/Vrnjacka Banja 1999/EXT 2000 (16)}) 13... Ba3
$6 (13... a5 $2 {[%tqu "En","Please enter a move for white.","","","e4f6","",
15]} 14. Nf6+ $1 Kh8 15. Qh5 gxf6 (15... h6 16. Qf5 g6 17. Qf4 Kg7 18. Ng4 (18.
e6 $6 Ba3) 18... Qg5 19. Qxg5 hxg5 20. h4 gxh4 21. Rxh4 $18) 16. Bd3 f5 17.
Bxf5 f6 18. exf6 Qf7 19. Be6 $3 {[%csl Gb2] The most elegant solution.} dxe6
20. Qxf7 Rxf7 21. Rd8+ Bf8 22. Rxf8+ Rxf8 23. f7+ e5 24. Bxe5#) ({However} 
13... Re8 $1 {[%cal Gd7d5] is strong enough to put the white's strategy on
question; Nf6 is no longer a threat, following breakthrough Pd7-d5 is
inevitable. For example:} 14. Ng3 (14. Qh5 $6 d5 15. Nf6+ $2 {doesn't work:}
gxf6 16. exf6 Qf8 17. Bd3 h6 18. g4 dxc4 19. bxc4 Ba3 $19) (14. h4 d5 15. Ng5
Ba3 $17) 14... d5 15. Qc2 (15. exd6 $4 Qg5+) 15... a5 {with very promising
position.}) 14. Bxa3 Qxa3+ 15. Qb2 Qxb2+ $6 {The forthcoming endgame is in
white's favour. 15...Qe7 avoiding the exchange was preferable.} 16. Kxb2 Re8
17. f4 f6 (17... d6 18. c5 $16) {It looks like white is going to loose a pawn,
but...} 18. c5 {Simple and effective.} Nd5 19. Bc4 {[%csl Ra8] threatening 20.
Rd5.} Kf8 (19... Bb7 20. Nc3 fxe5 21. Nxd5 cxd5 22. Rxd5 Bxd5 23. Bxd5+ Kf8 24.
Bxa8 Rxa8 25. fxe5 {and an extra pawn should be sufficient for a win.}) 20.
Rde1 $1 {Right place for the rook.The other one will go to f1.} fxe5 ({After} 
20... f5 21. Bxd5 cxd5 22. Nc3 {[%csl Gd4][%cal Yc3e2,Ye2d4] white has
strategically winning position.}) 21. Rhf1 Bb7 (21... exf4 $2 {was losing by
force:} 22. Bxd5 cxd5 23. Rxf4+ Kg8 24. Nf6+ $18) 22. fxe5+ Kg8 $6 ({The brave
attempt} 22... Ke7 $1 {looks very dangerous for black, however the following
variations do not confirm it:} 23. Ng5 (23. e6 Rf8 $14) 23... Rf8 24. Nxh7 (24.
e6 dxe6 25. Rxe6+ (25. Rxf8 Rxf8 26. Nxe6 Rf2+ $132) 25... Kd7 26. Rxf8 Rxf8
27. Nxh7 Kxe6 28. Nxf8+ Ke5 $14 {[%csl Ge5][%cal Gb7c8]}) 24... Rxf1 25. Rxf1
Rh8 26. Bd3 (26. Ng5 Rxh2 27. Rf7+ Ke8) 26... Ba6 $1 27. Bxa6 Rxh7 28. h3 Ne3
29. Rg1 Rh5 $14) 23. Ng5 h6 24. Nf3 {[%csl Yb7,Yc4]} Re7 25. Rf2 Rf8 ({The idea
} 25... Rd8 26. a3 d6 $2 {doesn't work.} 27. Bxd5+ cxd5 28. cxd6 cxd6 29. e6
$18 {[%csl Gd4][%cal Gf3d4]}) 26. Rfe2 Rf4 27. Re4 Rxe4 28. Rxe4 Kf7 (28... Rf7
29. Bxd5 cxd5 30. Rb4 Bc6 31. Rb8+ Rf8 32. Rxf8+ Kxf8 33. Nd4 {and the endgame
seems to me technically winning for white.}) 29. Nd4 g6 30. b4 Kg7 {30...Ke8
is more logical.} 31. Bxd5 $1 {It's time to change the only active black piece.
} cxd5 32. Re2 Kf7 33. a4 Ke8 34. Kc3 (34. b5 {was more convincing.} a6 (34...
Kd8 35. a5 a6 36. c6 $1 dxc6 37. bxa6 Ba8 38. Nb3 $18) 35. b6 cxb6 36. cxb6 Kd8
37. a5 $18) 34... a6 35. e6 (35. b5 axb5 36. axb5 Kd8 $16) 35... Bc8 (35...
dxe6 36. Nxe6 c6 37. Kd4 Bc8 38. Nc7+ Kd8 39. Rxe7 Kxe7 40. b5 axb5 41. axb5
cxb5 42. Nxb5 $18) 36. exd7+ Bxd7 37. Rxe7+ Kxe7 38. b5 axb5 39. a5 $1 Bc8 40.
Nxb5 $2 (40. Nc6+ $3 {was winning nicely.} Ke6 (40... Kd7 41. Nb8+ Ke6 42. a6
c6 {and now the most professional move is} 43. g4 {and black is in zugzwang.})
41. Kb4 Ba6 (41... Kd7 42. Nb8+ $18) (41... Bd7 42. Nd4+ Ke5 43. Nxb5 Bxb5 44.
Kxb5 d4 45. Kc4 $1 Ke4 46. a6 d3 47. a7 d2 48. a8=Q+ {check!}) 42. Nb8 Bb7 43.
c6 Ba8 44. Kc5 b4 45. Na6 b3 46. Nxc7+ Ke5 47. Nxd5 Bxc6 48. Kxc6 Kd4 49. Nc7
$1 b2 (49... Kc4 50. Nb5 Kb4 51. a6 b2 52. Na3 $1 $18 {just like in the main
variation.}) 50. Nb5+ Kc4 51. Na3+ Kb3 52. a6 Kxa3 53. a7 b1=Q 54. a8=Q+ Kb2
55. Qb7+ Kc2 56. Qxb1+ Kxb1 57. Kd5 $18) 40... Kd7 41. Kd4 Ba6 42. Nc3 c6 {
Finally black managed to consolidate his position, the bishop got freedom.The
expected result could be a draw as well.} 43. Na2 Bf1 44. g3 Kc7 45. Nb4 Kb7
46. Kc3 g5 47. Kd4 Be2 48. Ke5 Bb5 49. Kd4 {White king has to come back and
control the advance of the Pd5.} Be2 50. Kc3 Bf1 51. Nc2 Bh3 $1 (51... Be2 52.
Nd4 Bf1 (52... Bg4 {look at the game.}) 53. Nf5 Ka6 54. Nxh6 Kxa5 55. h4 gxh4
56. gxh4 Kb5 57. Kd4 $18 {[%csl Yf6,Gh4][%cal Rh6g8,Rg8f6]}) 52. Nd4 Bg4 $2 {
The decisive mistake.} (52... Bd7 $8 53. Nf3 Be8 {The key square! The bishop
must protect the Pc6.} 54. Ne5 Ka6 55. Kb4 Kb7 {Very important is-black is not
in zugzwang.It looks like white's advantage is not sufficient for a win.For
instanse:} 56. Ng4 h5 57. Nf6 Bf7 58. h4 gxh4 59. gxh4 Ka6) 53. a6+ $1 {
Now the black's position falls apart.} Kxa6 54. Nxc6 Kb5 55. Ne5 {with tempo!}
Bf5 56. Kd4 {+-} Be6 57. Ng6 h5 58. Ne5 (58. Ne7 {was good enough as well.})
58... h4 59. gxh4 gxh4 60. Nf3 {In spite of, that so few material left on the
board black cann't hold the position.The knight completely dominates over the
bishop and white will easily capture both black pawns very soon.} h3 61. Ng5
Bd7 62. Kxd5 {The rest is a pure technic.} Bc8 63. c6 Bf5 64. Kd6 Kb6 65. Nf7 {
The knight goes to d7.} Bc8 66. Ne5 Ba6 67. Nd7+ Kb5 68. Kc7 Kc4 69. Kb6 (69.
Kb8) 69... Bc8 70. Kc7 Ba6 71. Kb8 Kd5 72. c7 Kd6 73. Nf6 Ke5 74. Ng4+ {
[%mdl 4096]} (74. Ng4+ Kf4 75. Nf2 Kf3 76. Nxh3 Kg2 77. Nf4+ Kxh2 78. Ne6 {
[%csl Ra6][%cal Ge6c5]}) 1-0

[Event "Dubai op"]
[Site "Dubai"]
[Date "2001.04.25"]
[Round "9"]
[White "Mamedov, Roufat"]
[Black "Abdelnabbi, Imed"]
[Result "1/2-1/2"]
[WhiteElo "2313"]
[BlackElo "2434"]
[Annotator "Postny,E"]
[PlyCount "101"]
[EventDate "2001.04.15"]
[EventType "swiss"]
[EventRounds "9"]
[EventCountry "UAE"]
[SourceTitle "CBM 083"]
[Source "ChessBase"]
[SourceDate "2001.07.05"]
[SourceVersion "1"]
[SourceVersionDate "2001.07.05"]
[SourceQuality "1"]

1. e4 e5 2. Nf3 Nc6 3. d4 exd4 4. Nxd4 Qh4 {This move appeared first time in
the games of Staunton in the middle of 19th century!} 5. Nb5 ({Another
possibility is a theoretical pawn sacrifice after} 5. Nc3 Bb4 6. Be2) 5... Bc5
6. Qe2 (6. Qf3 Nd4 (6... Bb6) 7. Nxc7+ Kd8 8. Qf4 Nxc2+ 9. Kd1 Qxf4 10. Bxf4
Nxa1 11. Nxa8 Nf6 (11... d6 $142) 12. Bd3 Ng4 13. Ke2 Nxf2 14. Rc1 Nxd3 15.
Kxd3 d6 16. Nc7 g5 17. Be5 dxe5 18. Rxc5 f5 19. Nd2 fxe4+ 20. Ke3 Rf8 21. Rc1
$16 {1-0 Korneev,O-Komljenovic,D/Zaragoza 1996/EXT 97 (44)}) 6... Nd4 7. Nxd4 (
7. Nxc7+ $2 Kd8 8. Qc4 Qxe4+ 9. Kd1 Qxc2+ 10. Qxc2 Nxc2 11. Nxa8 Nxa1 $17 {
Compared with the game Korneev-Komljenovic-white lost his Pe4.}) 7... Bxd4 8.
g3 Qe7 9. Bg2 d6 10. Nd2 $146 (10. Nc3 Nf6 (10... Bxc3+ $5) 11. Nb5 Bb6 12. Be3
Bxe3 13. Qxe3 a6 14. Nc3 Bd7 15. O-O O-O 16. Rfe1 Rfe8 17. h3 Bc6 18. a3 Rad8
19. Rad1 h6 20. f4 Kh8 21. Qd4 $14 {1-0 Gunnarsson,A-Knutsson,L/Reykjavik 2000/
CBM 75 ext (61)}) 10... Nf6 {From my point of view black can feel satisfied
about the results of the opening.} 11. Nb3 Bb6 12. Bg5 $6 {More natural and
better is 12.0-0.} Qe5 $1 (12... h6 13. Be3 $11) 13. Bf4 $2 {Continuing the
wrong idea.} (13. Bxf6 Qxf6 14. c3 Bg4 15. Qd2 $15) 13... Qe7 $2 {missing the
chance to punish the opponent for his inconsistant play.} (13... Qxb2 $1 {
Now the only attempt to justify the pawn sacrifice is} 14. e5 {,but} Qc3+ $1 {
This check was probably overlooked or underrated by both players.} 15. Kf1 Ng4
16. exd6+ Be6 {It's already clear, that black's initiative is very dangerous.
The game may continue:} 17. Bxb7 (17. Bd5 O-O $1 18. Bxe6 Qc6 $1 19. f3 Rae8
20. Qe4 Qxe4 21. fxe4 fxe6 $19) (17. Bd2 Qf6 18. Bxb7 O-O {-look below.}) 17...
O-O {[%cal Ge6c4]} 18. Qf3 (18. Bd2 Qf6 19. Qf3 Bxb3 20. Qxf6 Bc4+ 21. Kg2 Nxf6
22. Bxa8 Rxa8 $17) 18... Qc4+ 19. Qe2 (19. Kg2 Nxf2 {and the threat 20...Bh3
gives black a decisive tempo.}) 19... Nxf2 20. Bxa8 Rxa8 21. Qxc4 Bxc4+ 22. Kg2
Bd5+ $19) 14. O-O O-O $11 15. h3 {covering g4 square.} (15. Rfe1 Ng4 16. Rf1
Ne5 $15) 15... Re8 16. Rfe1 Bd7 17. Qd3 $6 {Not the best place for the queen.}
(17. e5 dxe5 18. Bxe5 Rad8 19. Qf1 $11) (17. Qf1 $5) 17... Bc6 18. e5 $2 {
Now this breakthrough is much worse, then on the previous move.} ({Should be
played} 18. Nd2 Nd7 19. Qf1) 18... Nh5 {This move was probably underrated by R.
Mamedov. Now white is in trouble.} 19. Be3 (19. exd6 Qxe1+ 20. Rxe1 Rxe1+ 21.
Kh2 Bxg2 22. Kxg2 (22. d7 Rd8 23. Kxg2 Nxf4+ 24. gxf4 Re7 $19) 22... Nxf4+ 23.
gxf4 cxd6 $17) (19. Bxc6 Nxf4 20. gxf4 bxc6 {and black is better, as now white
cann't force exchanges with} 21. exd6 {due to} Qh4 $1 $17) 19... dxe5 (19...
Qxe5 $2 20. Bxc6 bxc6 21. Bxb6 Qxe1+ 22. Rxe1 Rxe1+ 23. Kg2 axb6 24. Qc3 Re7
25. Qxc6 Rxa2 26. Nd4 g6 (26... Nf6 27. Nf5 Rd7 28. Qb7 $1 $132) 27. Nb5 {
and white equalizing. A blunder will be now} Rxb2 $4 28. Qa8+ Kg7 29. Qa1 {
[%cal Ra1g7]}) 20. Bxc6 bxc6 $17 21. c4 Rad8 22. Qe4 Bxe3 23. Rxe3 (23. Qxe3
Qe6 {[%cal Ge6c4,Ge6h3]} 24. Kh2 (24. Qxa7 Qxh3 25. Qxc7 Nxg3 26. fxg3 Rd3 27.
Re2 Rxg3+ 28. Kf2 Rg2+ 29. Ke1 Qg3+ 30. Kd2 Qf4+ $19) (24. Na5 Qxh3 25. Nxc6
Rd6 {[%cal Rd6h6] with winning attack.}) 24... Qxc4 25. Qxa7 Qc2 $17) 23... Qe6
24. Rae1 Nf6 (24... Qxh3 $4 25. g4) 25. Qh4 (25. Qxe5 Qc8 $1 26. Qc5 Rxe3 27.
Rxe3 Qxh3 28. Qe7 Rd1+ 29. Re1 Qd7 {with good winning chances.}) 25... Qd6 26.
g4 h6 27. Qg3 Qb4 $6 ({More logical is} 27... e4 {gaining more space.}) 28. Rc3
Re6 29. Qe3 {[%csl Gc5][%cal Ge3a7]} (29. Rxe5 $2 Ne4 $19) 29... a5 $6 ({
Interesting (and strong) was} 29... Rd4 $1 {White cann't take the rook,
because Re1 is hanging.} 30. a3 Qd6 $17) 30. Qc5 $6 ({It was worth to make
some moves with "tempo":} 30. a3 Qb8 31. Nc5 Ree8 32. Rb3 Qc8 33. g5 hxg5 34.
Qxg5 Nh7 35. Qg2 {[%csl Rc6][%cal Gb3g3] White is still worse, but the
position became less clear, then a few moves before.}) 30... Ra8 31. a4 $6 (31.
a3 $6 Qb6) (31. Qe3 $5 {[%csl Yc5][%cal Yb3c5]}) 31... e4 ({Strong enough was} 
31... Nd7 $1 32. Qxb4 axb4 33. Rd3 Rd6 34. Rxd6 cxd6 35. Rd1 (35. a5 Kf8 $19)
35... Nb6 36. Rxd6 Nxa4 37. Rxc6 Nxb2) 32. Rce3 Rb8 33. Qxb4 Rxb4 34. Nd4 Rd6
35. Nf5 Rd2 $6 (35... Rd3 36. Rxd3 exd3 37. Rd1 Rxb2 38. Rxd3 Kh7 $17) 36. b3
Kh7 $6 {Again 36...Rd3 was giving black some winning chances.After this moment
white's position is not worse.} 37. f3 $1 Rd3 {Too late.} (37... exf3 $6 38.
Rxf3 {[%cal Ge1e7]}) 38. fxe4 Rbxb3 39. Rxd3 Rxd3 40. e5 Ng8 (40... Nd7 41. e6
fxe6 42. Rxe6 Nb6 43. Rxc6 Rd7 44. Rc5 $11) 41. e6 {This pawn is very annoying.
Black has to take it and white pieces becoming very active.} fxe6 42. Rxe6 g6 (
42... Rxh3 $2 43. Rxc6 {[%csl Rg7,Rh7]}) 43. Ne3 Kg7 44. Kf2 Rd6 45. Re5 {
[%csl Ra5]} Nf6 46. Kf3 Rd2 47. Rxa5 {It seems, that white is on top now, but
black still has the equality...} Rh2 48. Kg3 Re2 49. Kf3 (49. Re5 $6 {Could
create problems only for white.} Kf7 {[%cal Gf6d7]}) 49... Rh2 50. Kg3 Re2 51.
Kf3 1/2-1/2